Nanobiomedicine. 6V (Record no. 25790)

MARC details
000 -LEADER
fixed length control field 00456nam a2200169Ia 4500
008 - FIXED-LENGTH DATA ELEMENTS--GENERAL INFORMATION
fixed length control field 230917s9999||||xx |||||||||||||| ||und||
020 ## - ISBN
Price USD695
040 ## - CATALOGING SOURCE
-- 245465
Original cataloging agency VIVEKANANDA LIBRARY
041 ## - Language
-- English
082 ## - DDC NUMBER
Classification number 610 B469N
100 ## - MAIN ENTRY--PERSONAL NAME
Personal name Bhupinder Singh, ed.
245 #0 - TITLE STATEMENT
Title Nanobiomedicine. 6V
260 ## - PUBLICATION, DISTRIBUTION, ETC. (IMPRINT)
Place of publication, distribution, etc USA
Name of publisher, distributor, etc Stadium Press
Date of publication, distribution, etc 2015
300 ## - PHYSICAL DESCRIPTION
Pages v. p.
500 ## - GENERAL NOTE
General note 3029 29/01/2018 RBP18/68864 05/02/2018 Pharmaceutical Sciences (Non- Plan)
942 ## - ADDED ENTRY ELEMENTS (KOHA)
Koha item type Books
Holdings
Withdrawn status Lost status Damaged status Not for loan Location (home branch) Sublocation or collection (holding branch) Date acquired Koha issues (times borrowed) Koha full call number Accession No. Koha date last seen Koha item type
        VIVEKANANDA LIBRARY VIVEKANANDA LIBRARY 20/02/2018   610 B469N 371382 17/09/2023 Books
        VIVEKANANDA LIBRARY VIVEKANANDA LIBRARY 20/02/2018   610 B469N 371383 17/09/2023 Books
        VIVEKANANDA LIBRARY VIVEKANANDA LIBRARY 20/02/2018   610 B469N 371384 17/09/2023 Books
        VIVEKANANDA LIBRARY VIVEKANANDA LIBRARY 20/02/2018   610 B469N 371385 17/09/2023 Books
        VIVEKANANDA LIBRARY VIVEKANANDA LIBRARY 20/02/2018   610 B469N 371386 17/09/2023 Books
        VIVEKANANDA LIBRARY VIVEKANANDA LIBRARY 20/02/2018   610 B469N 371387 17/09/2023 Books
© Designed and Maintained by Vivekananda Library, MDU Rohtak